Responses for Show #6089 - Thursday, February 17, 2011

2011 Teen Tournament quarterfinal game 1.

Contestants

[<< previous game]

Brandon Welch, a senior from Grayson, Georgia

Kate Wadman, a junior from Tucson, Arizona

Christian Ie, a senior from Renton, Washington

[next game >>]

Jeopardy! Round responses

THE 50 STATES
DISNEYLAND RIDES & ATTRACTIONS
CHEMISTRY
TEENS & POETRY
SODA
STRIVING FOR AN "F"
    $200 4
Wisconsin

Brandon
    $200 14
teacups

Kate
    $200 1
red

Brandon
    $200 24
16

Kate
    $200 17
Pepsi

Kate
    $200 9
fumigate

Kate
    $400 5
Ohio

Christian
    $400 15
the Matterhorn

Kate
    $400 2
(Brandon: What is freezes?)

evaporates (or boils)

ChristianBrandon
    $400 25
Juliet

Kate
    $400 20
Sprite

Kate
    $400 10
futon

Kate
    $600 6
Wyoming

Brandon
    $600 16
Indiana Jones

Brandon
    $600 3
carbon dioxide

Brandon
    $600 26
(Christian: Who is Aphrodite?)

Cupid

ChristianBrandon
    $600 21
A&W

Brandon
    $600 11
facade

Kate
    $800 7
New Mexico

Kate
    $800 18
(Brandon: What is the Temple of Doom?)

the Haunted Mansion

Brandon
Triple Stumper
    $800 30
a catalyst

Kate
    $800 27
War and Peace

Brandon
    $800 22
7 Up

Brandon
    $800 12
(Brandon: What is grease?)

fuel

KateBrandon
    $1000 8
Vermont

Kate
    $1000 19
the Tiki Room

Brandon
    $1,200 29
(Christian: What is four?)
(Alex: Oh, no, there are [*] Olympic rings.)

five

Christian
    $1000 28
(Alex: [After clue 30] ...and, yes, folks, the correct pronunciation for Byron's work is "DON JHU-ahn".)

Lord Byron

Christian
    $1000 23
Blast

Triple Stumper
    $1000 13
flagship

Kate

Scores at the first commercial break (after clue 15):

Christian Kate Brandon
$800 $5,400 $400

Scores at the end of the Jeopardy! Round:

Christian Kate Brandon
$0 $7,400 $4,000

Double Jeopardy! Round responses

HISTORY
GLEE SONGS
WHAT KIDS ARE READING THESE DAYS
BOARDING SCHOOL
PATENTS
WORDS & PHRASES
    $400 7
the Berlin Wall

Kate
    $400 2
"Don't Stop Believin'"

Brandon
    $400 26
(Kate: What are Werewolves?)

Wolves

KateBrandon
    $400 17
preparatory

Christian
    $400 16
a rifle

Kate
    $400 11
tongue

Kate
    $800 8
the Boxers

Christian
    $800 3
"Losing My Religion"

Kate
    $800 27
(Stephen) King

Brandon
    $800 22
boys

Christian
    $800 18
(Brandon: What is chloroform?)

anesthesia

ChristianBrandon
    $800 12
ends

Kate
    $1200 1
the Rhine

Kate
    $1200 4
"Bohemian Rhapsody"

Kate
    $1200 28
(Kate: What is a vampire?)

a (fallen) angel

KateBrandon
    $1200 23
(John) Hancock

Brandon
    $1200 19
a yo-yo

Brandon
    $5,000 13
a grain of salt

Kate
    $1600 9
the Shia

Brandon
    $1600 5
Les Misérables

Kate
    $1600 29
The Labyrinth

Christian
    $1600 24
the Quakers

Brandon
    $1600 20
a ladder

Kate
    $1600 14
a coat of arms

Kate
    $6,000 10
(Sir Francis) Drake

Brandon
    $2000 6
Christina Aguilera

Kate
    $2000 30
Midnight

Triple Stumper
    $2000 25
headmaster

Kate
    $2000 21
(Brandon: What are earthquakes?)

airplanes

Brandon
Triple Stumper
    $2000 15
zydeco

Brandon

Scores at the end of the Double Jeopardy! Round:

Christian Kate Brandon
$4,400 $24,800 $17,600

Final Jeopardy! Round responses

EVENTS OF 2010
(Alex: [To Brandon] Wrote down his response rather quickly and wrote down [*], a reference to the miners who were trapped there.)
ChristianWhat is Germany?
$4,399
BrandonWhat is Chile?
$17,600
KateWhat is Russia???
$10,400
Chile

Final scores:

Christian Kate Brandon
$1 $14,400 $35,200
3rd place: $5,000 if eliminated 2nd place: $5,000 if eliminated Automatic semifinalist

Game dynamics:

Coryat scores:

Christian Kate Brandon
$5,600 $21,000 $13,600
8 R,
2 W
(including 1 DD)
27 R
(including 1 DD),
2 W
20 R
(including 1 DD),
5 W

Combined Coryat: $40,200

[game clues] [game scores] [suggest correction]

Game tape date: 2010-12-06
The J! Archive is created by fans, for fans. Scraping, republication, monetization, and malicious use prohibited; this site may use cookies and collect identifying information. See terms. The Jeopardy! game show and all elements thereof, including but not limited to copyright and trademark thereto, are the property of Jeopardy Productions, Inc. and are protected under law. This website is not affiliated with, sponsored by, or operated by Jeopardy Productions, Inc. Join the discussion at JBoard.tv.